00303 2200145 4500245003300000250001100033100000900044650001600053650001400069005001900083260001800102041001400120084001400134336000900148 aPotongan SayurancSitihText aCet. 1 aSiti aKarya Siswa aScrapbook a20250526105046 aJakartac2025 aIndonesia a081 SIT p atext